La cultura de la increencia (Record no. 50442)

MARC details
000 -LEADER
campo de control de longitud fija 00743nam a2200181 i 4500
001 - NÚMERO DE CONTROL
campo de control 50442
003 - IDENTIFICADOR DE NÚMERO DE CONTROL
campo de control ES-MaACL
007 - CAMPO FIJO DE DESCRIPCIÓN FÍSICA--INFORMACIÓN GENERAL
campo de control de longitud fija t|
008 - DATOS DE LONGITUD FIJA--INFORMACIÓN GENERAL
campo de control de longitud fija 030804s1974 sp ||||1| spa d
245 03 - MENCIÓN DEL TÍTULO
Título La cultura de la increencia
Resto del título : estudios y actas del I Simposio Internacional sobre la Creencia, celebrado en Roma del 22 al 27 de marzo de 1969 /
Mención de responsabilidad, etc. [versión por Jesús García-Abril, Alfonso Mascuñana y Fermín Trueba].
260 ## - PUBLICACIÓN, DISTRIBUCIÓN, ETC.
Lugar de publicación, distribución, etc. Bilbao :
Nombre del editor, distribuidor, etc. Mensajero,
Fecha de publicación, distribución, etc. [1974]
300 ## - DESCRIPCIÓN FÍSICA
Extensión 301 p. ;
Dimensiones 23 cm.
700 1# - ENTRADA AGREGADA--NOMBRE PERSONAL
Nombre de persona García-Abril, Jesús.
9 (RLIN) 54111
700 1# - ENTRADA AGREGADA--NOMBRE PERSONAL
Nombre de persona Mascuñana, Alfonso.
9 (RLIN) 78697
700 1# - ENTRADA AGREGADA--NOMBRE PERSONAL
Nombre de persona Trueba, Fermín.
9 (RLIN) 111548
711 2# - ENTRADA AGREGADA--NOMBRE DE REUNIÓN
Nombre de congreso/reunión o jurisdicción como elemento de entrada Simposio Internacional sobre la Creencia (
Número del congreso/reunión o número de parte o sección 1º.
Fecha del congreso o de la firma del tratado 1969.
Sede del congreso/Lugar de la reunión Roma)
9 (RLIN) 1080
852 ## - LOCALIZACIÓN
Ubicación ES-MaACL
Número de control de estantería E-7030
Sublocalización o colección R.91426
Holdings
Estatus retirado Estado de pérdida Estado de daño No para préstamo Biblioteca de origen Biblioteca actual Ubicación en estantería Fecha de adquisición Fuente de adquisición Total de préstamos Signatura topográfica completa Código de barras Visto por última vez Precio de reemplazo Tipo de ítem Koha
        Biblioteca del Ateneo de Madrid Biblioteca del Ateneo de Madrid Depósito 2 17/01/2008     E-7030 1053059 23/02/2023 23/02/2023 Libro impreso